000 01445cam a22003375a 4500
001 13723334
005 20050404095529.0
008 040907s2003 be b 100 0 fre
010 _a 2004459511
020 _a2802717812
035 _a(CaONFCNI)ny0273709
040 _aDLC
_cDLC
043 _ae------
050 0 0 _aKJC6050.A6
_bM47 2003
245 0 4 _aLes mesures relatives aux étrangers à l'épreuve de la Convention européenne des droits de l'homme /
_cPierre Lambert et Christophe Pettiti, (éd.).
260 _aBruxelles :
_bNemesis :
_bBruylant,
_c2003.
300 _a149 p. ;
_c22 cm.
490 1 _aDroit et justice ;
_v46
500 _a"Actes du séminaire du 21 mars 2003 organisé par les Instituts des droits de l'homme du barreau de Bruxelles et du barreau de Paris."
504 _aIncludes bibliographical references (p. [139]-149).
650 0 _aAliens
_zEurope
_vCongresses.
_949
700 1 _aLambert, Pierre,
_d1929-
_950
700 1 _aPettiti, Christophe.
_951
710 2 _aBarreau de Bruxelles.
_bInstitut des droits de l'homme.
_952
710 2 _aBarreau de Paris.
_bInstitut des droits de l'homme.
_953
830 0 _aDroit et justice (Brussels, Belgium)
_954
906 _bibc
_corigres
_d2
_encip
_f20
_gy-gencatlg
942 _2lcc
_cBOOK
999 _c1046
_d1046